Evaluaciones del desempeño ambiental: Chile

Uloženo v:
Podrobná bibliografie
Korporativní autor: OCDE (Autor)
Médium: Kniha
Jazyk:španělština
Vydáno: París Naciones Unidas 2005
Vydání:1a. ed
Témata:
Tagy: Přidat tag
Žádné tagy, Buďte první, kdo vytvoří štítek k tomuto záznamu!

MARC

LEADER 00000nam a2200000 a 4500
001 UCK5220
003 CL-VaPUC
008 050715e20050000FR |||||||||||||||||spa|d
020 |a 9213226942 
082 0 4 |a 363.7  |b OCD  |2 21 
110 2 |a OCDE  |e author  |9 493950 
245 1 0 |a Evaluaciones del desempeño ambiental: Chile 
250 |a 1a. ed 
300 |a 246 p 
942 |c BK 
945 |d 20050715 00:00:00  |a cmena 
260 |a París  |b Naciones Unidas  |c 2005 
650 0 |a Gestión ambiental   |9 338121 
650 0 |a Protección del medio ambiente  |9 257626 
650 0 |a Recursos naturales  |9 255232 
650 0 |a Política gubernamental  |9 262286 
650 7 |a CONTAMINACION  |2 CL-VaPUC  |9 258139 
651 7 |a CHILE  |2 CL-VaPUC  |9 493951 
583 |a last modification  |c 20150328 12:26:22  |k Rodrigo Vera 
999 |c 313852  |d 313850 
952 |0 0  |1 0  |2 ddc  |4 0  |6 363_700000000000000_OCD_2005  |7 0  |8 A  |9 385564  |a BIBING  |b BIBING  |c GEN  |d 2019-11-22  |i 4180925  |o 363.7 OCD 2005  |p 4180925  |r 2025-01-20  |w 2019-11-22  |y BK  |k ING 
952 |0 0  |1 0  |2 ddc  |4 0  |6 363_700000000000000_OCD_2005  |7 0  |8 A  |9 385565  |a BIBING  |b BIBING  |c GEN  |d 2019-11-22  |i 4180933  |o 363.7 OCD 2005  |p 4180933  |r 2025-01-20  |w 2019-11-22  |y BK  |k ING